|
|
|
|
| LEADER |
00000nab a2200000 a 4500 |
| 001 |
vtls000438401 |
| 003 |
SK-MaSNL |
| 005 |
20260305001735.0 |
| 008 |
230313c1991 xo 0 slo |
| 015 |
|
|
|a SNBRB19rr/mm-uuuuu
|
| 035 |
|
|
|a CL0438529
|
| 035 |
|
|
|a urn:nbn:sk:snk-abbmcm
|
| 035 |
|
|
|a (urnnbn)urn:nbn:sk:snk:ar-002pzi
|
| 035 |
|
|
|a (uuid)8d40c0ac-93ac-4061-8b96-1e4ca8e5d1ff
|
| 040 |
|
|
|a SNKBUCL
|b slo
|c SNKBUCL
|e AACR2
|
| 041 |
0 |
|
|a slo
|
| 044 |
|
|
|a xo
|c SK
|
| 080 |
|
|
|a 888.2-4
|2 1981
|
| 100 |
1 |
|
|a Ivanauskaité, Jurga
|4 aut
|9 1577298
|
| 245 |
1 |
0 |
|a O viere, nádeji a láske
|c Jurga Ivanauskaité ; Mária Kusá
|
| 300 |
|
|
|b Fot. 1.
|
| 500 |
|
|
|a Dat. júl 1990. Inform. o autorke.
|
| 650 |
0 |
7 |
|a eseje
|2 snkbucl
|9 144629
|
| 655 |
|
7 |
|a články z novín a časopisov
|2 snkbucl
|9 267496
|
| 655 |
|
7 |
|a články z odboru literárna veda a krásna literatúra
|2 snkbucl
|9 770045
|
| 700 |
1 |
|
|a Kusá, Mária,
|d 1957-
|4 trl
|9 110292
|
| 773 |
0 |
|
|t Dotyky
|g Roč. 3, č. 8 (1991), s. 22-23
|
| 850 |
|
|
|a Slovenská národná knižnica v Martine
|a MTA001
|
| 852 |
|
|
|a SNK
|b KIS3GCP
|
| 958 |
|
|
|a RK
|
| 958 |
|
|
|a LX
|
| 958 |
|
|
|a SU
|
| 958 |
|
|
|a OND
|
| 958 |
|
|
|a EUIPO
|
| 958 |
|
|
|a article15
|
| 992 |
|
|
|a RBX
|
| 999 |
|
|
|c 3221021
|d 3222951
|